| 000 | 01710nam a22002897a 4500 | ||
|---|---|---|---|
| 005 | 20260521123429.0 | ||
| 008 | 260514t2024 |||||||| |||| 00| 0 spa d | ||
| 020 | _a9789587596007 | ||
| 040 |
_aCO-BoUCM _bspa _cStefania Borbon _dStefania Borbon |
||
| 041 | _aspa | ||
| 100 |
_aCristancho Garrido, Hellen _9189269 |
||
| 245 |
_aMemorias plurales. Trayectorias territoriales de organizaciones de víctimas del conflicto armado en Caldas (Colombia) / _cHellen Cristancho Garrido, Diana Rico Revelo, Beatriz Nates Cruz |
||
| 260 |
_aManizales, Colombia : _bEditorial Universidad de Caldas, _c2024 |
||
| 300 |
_a169 páginas ; _bilustraciones, tablas, mapas |
||
| 504 | _aIncluye referencias bibliográficas | ||
| 520 | _aEsta obra reconoce los esfuerzos de las organizaciones sociales de víctimas del Departamento de Caldas (Colombia) que reconstruyen las memorias colectivas mientras participan en la producción social de sus territorios. Analiza procesos de territorialización desde la Ley de Víctimas (2011), las dinámicas del conflicto armado, el poder relacional y la construcción de paz desde lo cotidiano. | ||
| 650 | 7 |
_aConflicto armado7 _xHistoria _z7Caldas (Colombia)7 _9189270 |
|
| 650 | 7 |
_aVíctimas del conflicto armado _xOrganizaciones _zCaldas (Colombia) _9189271 |
|
| 650 | 7 |
_aMemoria colectiva _xAspectos sociales _zCaldas (Colombia) _9189272 |
|
| 650 | 7 |
_aDerechos humanos _zCaldas (Colombia) _9189273 |
|
| 651 | 7 |
_aCaldas (Colombia) _xCondiciones sociales _9189274 |
|
| 700 | 1 |
_aRico Revelo, Diana _9189275 |
|
| 700 | 1 |
_aNates Cruz, Beatriz _9189276 |
|
| 710 |
_aUniversidad de Caldas _94708 |
||
| 942 |
_2DEWEY _a5 _cLIBRO _e1 _h303.66 _mC75m |
||
| 999 |
_c326408 _d326408 |
||